Guess the country by 1 hint #2 (hard hints) - Statistics

General Stats
  • This quiz has been taken 29 times
  • The average score is 3 of 7
Answer Stats
Hint Answer % Correct
The country is a narrow, S-shaped country that links the continents of North and South America Panama
77%
The country is the oldest independent state in the Arab world. Oman
64%
There are almost as many people as horses in this country Mongolia
59%
The country was settled by Asians before mainland Africans Madagascar
50%
The country has twice the population of Norway Sweden
41%
The country is the second flattest country in the world Qatar
36%
The country has the world's largest cave Vietnam
14%
No matching quizzes found
Score Distribution
Percent of People with Each Score
Percentile by Number Answered
Your Score History
You have not taken this quiz